Property rights security and savings behavior in developing countries /
Saved in:
| Main Author: | |
|---|---|
| Format: | Thesis |
| Language: | English |
| Published: |
Saint Louis
: Washington University,
1996
|
| Subjects: | |
| Tags: |
Add Tag
No Tags, Be the first to tag this record!
|
| LEADER | 011270000a22002890004500 | ||
|---|---|---|---|
| 001 | 126194 | ||
| 005 | 20230418001602.0 | ||
| 008 | 970319s1996 eng | ||
| 035 | |a 438436 | ||
| 035 | |a (Sirsi) 126194 | ||
| 040 | |a UIAM |b eng | ||
| 050 | |a HB711 | ||
| 100 | 0 | |a Mansor Haji Ibrahim |9 72124 | |
| 245 | 1 | 0 | |a Property rights security and savings behavior in developing countries / |c by Mansor Haji Ibrahim |
| 260 | 1 | |a Saint Louis |b : Washington University, |c 1996 | |
| 300 | |a viii, 104 p. : illus. ; 28 cm. | ||
| 336 | |2 rdacontent | ||
| 337 | |2 rdamedia | ||
| 338 | |2 rdacarrier | ||
| 502 | |a (PhD)--Washington University, 1996 | ||
| 650 | 0 | |a Right of property |x Economic aspects |9 72125 | |
| 650 | 0 | |a Saving and investment |z Developing countries |9 72126 | |
| 900 | |a rsa-sa | ||
| 942 | |2 lcc |n 0 | ||
| 999 | |c 430904 |d 462395 | ||
| 952 | |0 0 |6 T HB711M289P 1996 |7 0 |8 THESES |9 750440 |a IIUM |b IIUM |c MULTIMEDIA |g 0.00 |o t HB711M289P 1996 |p 00010981541 |r 2017-10-19 |t 1 |v 0.00 |y THESIS | ||
| 952 | |0 0 |6 LU T HB711M289P 1996 |7 0 |8 THESES |9 750441 |a IIUM |b IIUM |c CLOSEACCES |g 0.00 |o lu t HB711M289P 1996 |p 00000438448 |r 2017-11-01 |t 1 |v 0.00 |y THESIS | ||
